[Event "Runwal Memorial op U15 Girls 29th"]
[Site "Mumbai"]
[Date "2012.09.18"]
[Round "1"]
[White "Vaishali, Ramesh Babu"]
[Black "Vani, S Indrali"]
[Result "1-0"]
[WhiteElo "1947"]
[BlackElo "1565"]
[PlyCount "91"]
[EventDate "2012.09.18"]
[EventType "swiss"]
[EventRounds "11"]
[EventCountry "IND"]
[SourceTitle "EXT 2013"]
[Source "ChessBase"]
[SourceDate "2012.11.22"]
[SourceVersion "1"]
[SourceVersionDate "2012.11.22"]
[SourceQuality "1"]

1. e4 c5 2. Nc3 e6 3. g3 d5 4. exd5 exd5 5. Bg2 Nf6 6. d3 h6 7. Nge2 Be7 8. 0-0 0-0 9. Nf4 d4 10. Ne4 Nbd7 11. Bd2 Qb6 12. b3 Qc7 13. Qe2 Rb8 14. Rae1 Re8 15. Nh5 Nxh5 16. Qxh5 Qd8 17. Bf4 Ra8 18. Bd6 Bxd6 19. Nxd6 Re7 20. Nxf7 Rxf7 21. Bd5 Qf6 22. Re8+ Nf8 23. Bxf7+ Qxf7 24. Qxf7+ Kxf7 25. Rfe1 Ng6 26. f4 a5 27. f5 Nf8 28. R1e7+ Kf6 29. Rc7 Nd7 30. Rxd7 Bxd7 31. Rxa8 Kxf5 32. Rxa5 b6 33. Ra7 Ke6 34. Ra6 Kd5 35. Rxb6 Bg4 36. a4 Bd1 37. a5 Bxc2 38. a6 Bxd3 39. a7 Bf5 40. a8Q+ Ke5 41. Qe8+ Kd5 42. Qe7 c4 43. Rb5+ Kc6 44. Rc5+ Kb6 45. Qc7+ Ka6 46. Ra5# 1-0